ARRUPE JESUIT UNIVERSITY

CORONAVIRUS -STOP THE SPREAD - CLEAN,DISINFECT,COVER

Jesus in Africa : (Record no. 130392)

MARC details
000 -LEADER
fixed length control field 01178cam a2200325 a 4500
001 - CONTROL NUMBER
control field 12818755
003 - CONTROL NUMBER IDENTIFIER
control field ARRUPE
005 - DATE AND TIME OF LATEST TRANSACTION
control field 20200312112822.0
008 - FIXED-LENGTH DATA ELEMENTS--GENERAL INFORMATION
fixed length control field 020116s2000 cm b 000 0 eng
010 ## - LIBRARY OF CONGRESS CONTROL NUMBER
LC control number 2001312531
020 ## - INTERNATIONAL STANDARD BOOK NUMBER
International Standard Book Number 272350610X (Editions Clé)
020 ## - INTERNATIONAL STANDARD BOOK NUMBER
International Standard Book Number 1870345347 (Regnum Africa)
035 ## - SYSTEM CONTROL NUMBER
System control number (DLC) 2001312531
040 ## - CATALOGING SOURCE
Original cataloging agency DLC
Transcribing agency DLC
Modifying agency DLC
042 ## - AUTHENTICATION CODE
Authentication code lcode
043 ## - GEOGRAPHIC AREA CODE
Geographic area code f------
050 00 - LIBRARY OF CONGRESS CALL NUMBER
Classification number BR1360
Item number .B395 2000
082 00 - DEWEY DECIMAL CLASSIFICATION NUMBER
Classification number 276
Edition number 22
300 ## - PHYSICAL DESCRIPTION
Dimensions 23 cm.
100 1# - MAIN ENTRY--PERSONAL NAME
Personal name Bediako, Kwame.
9 (RLIN) 32199
245 10 - TITLE STATEMENT
Title Jesus in Africa :
Remainder of title the Christian gospel in African history and experience /
Statement of responsibility, etc Kwame Bediako ; introduction by Hans Visser and Gillian Bediako.
260 ## - PUBLICATION, DISTRIBUTION, ETC. (IMPRINT)
Place of publication, distribution, etc Yaoundé, Cameroun :
Name of publisher, distributor, etc Editions Clé ;
Place of publication, distribution, etc Akropong-Akuapem, Ghana :
Name of publisher, distributor, etc Regnum Africa,
Date of publication, distribution, etc 2000.
300 ## - PHYSICAL DESCRIPTION
Extent xiii, 124 p. ;
440 #0 - SERIES STATEMENT/ADDED ENTRY--TITLE
Title Theological reflections from the south
9 (RLIN) 49599
504 ## - BIBLIOGRAPHY, ETC. NOTE
Bibliography, etc Includes bibliographical references.
650 #0 - SUBJECT ADDED ENTRY--TOPICAL TERM
Topical term or geographic name as entry element Christianity
Geographic subdivision Africa.
9 (RLIN) 49600
650 #0 - SUBJECT ADDED ENTRY--TOPICAL TERM
Topical term or geographic name as entry element Christianity and culture.
9 (RLIN) 49601
906 ## - LOCAL DATA ELEMENT F, LDF (RLIN)
a 7
b cbc
c origode
d 2
e ncip
f 20
g y-gencatlg
942 ## - ADDED ENTRY ELEMENTS (KOHA)
Source of classification or shelving scheme Library of Congress Classification
Koha item type Monograph ( Printed materials)
Holdings
Withdrawn status Lost status Source of classification or shelving scheme Damaged status Not for loan Collection code Home library Current library Shelving location Date acquired Total Checkouts Full call number Barcode Date last seen Price effective from Koha item type
    Library of Congress Classification     Main Collection ARRUPE LIBRARY ARRUPE LIBRARY Main Collection 12/03/2020   BR1360 .B395 2000 46600006699 12/03/2020 12/03/2020 Monograph ( Printed materials)

 

Arrupe Library. PO Box MP320 Mt Pleasant, Harare, Zimbabwe
263 242 745411|librarian@aju.ac.zw